Регионална библиотека "Любен Каравелов" - Русе

Ключът към бързия метаболизъм (Запис номер 449567)

MARC детайли
000 -Лидер
Лидер 01947nam a2200313 a 4500
003 - Код на организацията, давaща контролен номер
Код на организацията, даваща контролен номер BLK
005 - Дата и час на последна редакция
Дата и час на последна редакция 20250530113004.0
008 - Елементи от данни с фиксирана дължина
Елементи с фиксирана дължина 220318b bu |||||r|||| 00| | bu d
020 ## - Международен стандартен номер на книга ISBN
ISBN 9786197342178
040 ## - Източник на каталожния запис
Код на библиотеката BLK
041 ## - Код за език
Език Български
Език за КДБФ Български
080 ## - УДК
УДК текст Хигиена на храненето. Режим на храненето. Вж и 612.39 ; 614.3 ; 615.874 ; 641
УДК код 613.2
УДК – код + определител 613.2
080 ## - УДК
УДК текст Диетотерапия. Усилено и органично хранене, диети, богати на тлъстини, на минерали и др.
УДК код 615.874
УДК – код + определител 615.874
080 ## - УДК
УДК текст Функционални разстройства. Метаболитни разстройства. - Дисфункции, забавени и ускорени функции, нарушения на обмяната на веществата, инактивация, разстройства на секрецията, изменения във физическите
УДК код 616-008
УДК – код + определител 616-008
100 ## - Редна дума - Автор
R(LIN) 471872
Автор Помрой, Хейли
245 ## - Сведения за заглавието
Заглавие Ключът към бързия метаболизъм
Подзаглавни данни Яжте повече, отслабвайте повече
Авторска отговорност Хейли Помрой, Ив Адамсън ; предг. Брус М. Старк ; прев. Елица Лукова
260 ## - Област на издателските данни
9 (RLIN) 221452
Място на издаване София
Име на издателя Вдъхновения
Година на издаване 2018
Издателство - префикс ISBN 978-619-7342-
300 ## - Физическа характеристика
Брой страници 270 с.
Илюстрации с табл.
Размер 24 см
380 ## - Жанр
Жанр Медицина
650 #7 - Допълнително описание по предмет – тема
9 (RLIN) 164420
Предметна рубрика Обмяна на веществата
653 #7 - Ключова дума – ненормативна
9 (RLIN) 199903
Ключови думи хигиена на храненето
700 ## - Други автори (авторска отговорност)
Друг автор Адамсън, Ив
Авт. отговорност на др. автор съавт.
9 (RLIN) 1445
700 ## - Други автори (авторска отговорност)
9 (RLIN) 401063
Друг автор Старк, Брус М.
Авт. отговорност на др. автор предг.
700 ## - Други автори (авторска отговорност)
9 (RLIN) 377946
Друг автор Лукова, Елица Христова
Авт. отговорност на др. автор прев. от англ.
852 ## - Местоположение
Сигнатура (форматна) Цб 311884
Отдел Хранилище
942 ## - АРТИКУЛИ
Вид на библиотечния документ Книги
Скрит в OPAC Не
Периодичен библиозапис Да
Koha issues (borrowed), all copies 2
944 ## - СЪЗДАВАНЕ И РЕДАКЦИЯ на ЗАПИСА
Дата на регистрацията/редакция 1
Служител, извършил регистрацията/редакцията 30531
Номер на служител Цветелина Шанова
999 ## - СИСТЕМНИ КОНТРОЛНИ НОМЕРА
Koha biblionumber 449567
Koha biblioitemnumber 449567
Наличности
Код за отписване Код за изгубен артикул Източник на класификационната схема Код за повреда Коз за рестрикции Код за отдаване Артикулен № Име на библиотеката - собственик Име на библиотеката, в която се намира в момента Статус (Текущо местоположение) Дата на вписване в системата Местоположение - отдел Цена в лева Систематично азбучна сигнатура Баркод Цена в евро Служебен тип на артикула Инвентарен номер
  Не е изгубен Universal Decimal Classification Не е повреден само за читалня ползва се в читалня 877872 Регионална библиотека "Любен Каравелов" Русе Регионална библиотека "Любен Каравелов" Русе Хранилище 2022-03-21 Хранилище 17.90 Цб 311884 120000870022 9.15 Книги  
  Не е изгубен Universal Decimal Classification Не е повреден   заемане за дома 954464 Регионална библиотека "Любен Каравелов" Русе Регионална библиотека "Любен Каравелов" Русе Заемна - подръчен фонд 2024-11-08 Заемна - подръчен фонд 17.90 613.2/П 72 Х 120000915122 9.15 Книги 120000915122
Vip Innovations Ltd, Rousse, Bulgaria 2025